000 00330nam a22001337a 4500
008 171020b xxu||||| |||| 00| 0 eng d
020 _a9780673992963
041 _aeng
080 _a338
100 _a54
101 _aMEN
245 _aSTASTICAL MAKING AND DATA ANALYSIS METHODS FORN MANAGERS
_cWYNN.A
942 _2udc
_cBK
999 _c35152
_d35152